01502nam a2200277 a 4500001001000000005001700010008004100027041000800068044000700076084002000083100004500103245008500148250000600233300003200239440004300271500023000314500018800544500019900732500001000931650005200941650005600993650003401049650004501083700004701128740004901175BRCA_265220190320203916.0011208s1881----sp-a---###---#000-0dspa-u aspa asp a196b.R53c18811 aCervantes Saavedra, Miguel ded1547-161610aEl Ingenioso Hidalgo Don Quijote de la Manchacpor Miguel de Cervantes Saavedra. a4 a382 p.bil.c31 cm.e1 mapa 0aBiblioteca ilustrada de Salvador Rivas aContenido : Primera parte. Notas de la edición. Dedicatoria del autor. Prólogo del autor. Versos preliminares. Texto. Segunda parte. Documentos de la edición príncipe. Dedicatoria del autor. Prólogo del autor. Texto aEdición : Cuarta edición de gran lujo adornada on preciosas láminas debidas al reputado artista D. Ramón Puiggarí y un mapa de los lugares recorridos por el héroe manchego aA pesar del título de la portada, no es una edición de gran lujo, ya que no pasa de ser regular. También los dibujos del reputado artista T. Puiggarrí son mediados. Tela Lúdovik Osterc aQM18414aNovela españolayÉpoca clásica, 1500-170014aLiteratura españolayÉpoca clásica, 1500-170014aNovela españolaySiglo XVII14aDon Quijote (Personaje ficticio)eNovela1 aPuiggarí, Ramónd1820-1894eIlustrador0 aEl Ingenioso Hidalgo Don Quijote de la Macha